Statistics for NCIS LA

Click here to take the quiz!

General Stats

  • This quiz has been taken 608 times
  • The average score is 7 of 15

Answer Stats

HintAnswer% Correct
Who does Chris O'Donnell PlayG Callen
81%
Kensis Last NameBlye
76%
LL Cool Js Real life JobRapper
76%
Leon Vance is theDirector
75%
Deeks was shot how many times?2
72%
Deeks Original JobLAPD
62%
Kensis Dad Was AMarine
62%
Lauren Hunter Replaced whoHetty
47%
Where Suspects Are TakenBoathouse
40%
Sams CarChallenger
35%
The team crossed over shows withHawaii Five-0
29%
Mostly Perform What WorkUndercover
23%
Whos isAmy TaylorCallens sister
16%
Office Os ?Special Projects
6%
Callens CarDB9
2%

Score Distribution

Percentile by Number Answered

Percent of People with Each Score

Your Score History

You have not taken this quiz